000
00264nam a22001097a 4500
008
231201b |||||||| |||| 00| 0 eng d
100
_a
Maiti, P.A.
_9
7139
245
_a
Studies in Ancient India
260
_a
Delhi;
_b
Asia Pub;
_c
1965;
300
_a
220p
942
_c
BK
999
_c
40434
_d
40434